01987 2200277 4500001002100000005001500021035002000036001002100056005001500077035002000092035002000112245006800132100002200200250001700222300003400239006001800273007000300291008004100294260003400335082000800369084001400377020002200391650002400413520124800437600002401685INLIS00000000000106420250502105202 a0010-0525000008INLIS00000000000045620240702081440 a0010-0425000043 a0010-07240000111 aFikih 4 untuk Kelas IV Madrasah Ibtidaiyah /cMuh. Rosyid Ridho0 aMuh. Rosyid Ridho acetakan ke-1 axvi, 192 hlm :bilus ;c25 cma ta240702 0  aSolo :bTiga Serangkai,c2020 a2X4 a2X4 MUH f a978-602-320-978-1 4aBuku Teks Pelajaran aSebuah Pilihan Tepat Memilih Buku Fikih! Buku Fikih dihadirkan untuk mengenalkan hukum Islam sejak dini agar dipahami, dihayati, dan diamalkan dalam kehidupan sehari-hari, baik yang menyangkut aspek ibadah maupun muamalah. Materi buku ini disusun berdasarkan Kompetensi Inti dan Kompetensi Dasar sesuai dengan KMA Nomor 183 Tahun 2019. Dikemas dengan bahasa sederhana dan komunikatif, mengedepankan aspek kognitif, afektif, dan psikomotorik siswa, serta diperkenalkan soal-soal dalam bentuk HOTS (Higher Order Thinking Skills) dengan harapan dapat meningkatkan kemampuan berpikir tingkat tinggi dan kreativitas siswa. Buku Fikih ini disempurnakan dengan tampilan fitur-fitur menarik berikut. Tadarus Mul??azah (Ayo Mengamati) Hayya Nas'al (Ayo Bertanya) Tafahum (Ayo Memahami) Qi??ah Mu'ašširah (Cerita Bermakna) Mahf?z?t (Kata Bijak) Lu'bah (permainan) Dilengkapi dengan QR Code yang menampilkan materi pengayaan dalam bentuk teks, slide ppt, audio, animasi, ataupun vidio. Sajian buku yang lengkap, menyenangkan, dan memudahkan para siswa untuk mengua-sai pembelajaran, baik teori maupun praktik, serta pengalaman penulis di bidangnya cukup menjadi alasan bahwa memilih buku Fikih ini sangat tepat. 4aBuku Teks Pelajaran